000 00519nam a2200133Ia 4500
005 20260209120154.0
008 260209s9999||||xx |||||||||||||| ||und||
100 _aDivyani Basumatary
245 0 _aFrom civil to criminal : the escalating role of criminal enforcement in copyright infringement
260 _aBangaloreBangalore
_bNLSIU, Bangalore
_c2024 - 2025
300 _a36 p. ; 25 cm.
700 _aMs. Bhanu Tanwar - SupervisorMs. Bhanu Tanwar - Supervisor
856 _uhttps://dans.nls.ac.in/handle/123456789/2529
999 _c217818
_d217818